000 00500nam a2200145Ia 4500
008 100204s9999 xx 000 0 und d
082 _b4662
100 _aबोरकर लक्ष्मीदास
245 _aखुलता कळी खुलेना
260 _bयुवराज प्रकाशन पुणे
_c1975
300 _a196
630 _aखुलता कळी खुलेना
730 _aखुलता कळी खुलेना
942 _cBOOK
999 _c449370
_d449367